00396nam a2200133 a 450000500170000000800410001702000180005805000290007610000260010524500490013126000410018030000210022165000200024220140310183227.0040310s19uu xx 00 eng d a0-345-35651-9 aPS 3554.O469b.D676 1988 aDonaldson, Stephen R. aA Man rides through /cStephen R. Donaldson. aNew York :bBallantine Books,c1988. a657 p. :c18 cm. aFantasy Fiction